Score 0/30 Timer 05:00
0 Plays Today
Hint Answer % Correct
National American Teddy _____ DayBear
95.8%
Mickey _____ DayMouse
95.6%
_____ Someone a Dollar Today DayGive
95.2%
Guinness World _____ DayRecords
93.7%
Pins and _____ DayNeedles
92.6%
Use Your Common _____ DaySense
92.5%
National _____ a Hike DayTake
92.4%
National _____ Out Your Refrigerator DayClean
92.2%
National Lemon Cream _____ DayPie
89.4%
_____ Souls' DayAll
88.7%
Native _____ Heritage DayAmerican
88.1%
Chicken Soup for the _____ DaySoul
87.9%
_____ Fawkes DayGuy
85.9%
National Use Even If Seal Is _____ DayBroken
85.8%
_____ Home Because You're Well DayStay
85.8%
Hint Answer % Correct
_____ and Bullwinkle DayRocky
85.6%
World Origami _____Day
85.1%
_____ a Cranberry DayEat
85.1%
_____-Me-Not DayForget
82.6%
_____ Sagan DayCarl
81.4%
Humane _____ Anniversary DaySociety
75.6%
National _____ Wallbanger DayHarvey
74.5%
_____ Meridian DayPrime
69%
Notary _____ DayPublic
65.4%
National Fast _____ DayFood
60.5%
Cyber _____ Monday
54.5%
International _____ Twister DayTongue
31.9%
_____-Obesity DayAnti
31.1%
Marooned Without a _____ DayCompass
5.9%
_____ Confession DayFalse
5.8%

Today's Daily Dose

You're not logged in!

Compare scores with friends on all Sporcle quizzes.
OR
Log In

Sporcle TV

Today on Sporcle TV


Watch our educational content, quiz creation guides, and fun videos on Sporcle TV.

Show Comments

Extras

Top Quizzes Today


Score Distribution

Paid Content

Your Account Isn't Verified!

In order to create a playlist on Sporcle, you need to verify the email address you used during registration. Go to your Sporcle Settings to finish the process.

Report this User

Report this user for behavior that violates our Community Guidelines.

Details: